Technologies of manned space systems /

Bibliographic Details
Main Author: Bond, Aleck C.
Other Authors: Faget, Maxime A. (Maxime Allan), 1921-2004
Format: Book
Language:English
Published: New York : Gordon and Breach, [1966]
Series:Space flight technology series.
Subjects:

MARC

Tag First Indicator Second Indicator Subfields
LEADER 00000cam a22000001 4500
001 in00001021521
005 20150928122434.0
008 840403c19661965nyua b 000 0 eng c
010 |a  65028850  
035 |a (OCoLC)00250060 
035 |9 AFG2842AM 
040 |a DLC/ICU  |c CGU  |d m/c  |d UtOrBLW 
049 |a TXAM 
050 0 0 |a TL873  |b .B6 
082 0 |a 629.47 
100 1 |a Bond, Aleck C. 
245 1 0 |a Technologies of manned space systems /  |c [by] Aleck C. Bond and Maxime A. Faget. 
264 1 |a New York :  |b Gordon and Breach,  |c [1966] 
264 4 |c ©1965 
300 |a x, 121 pages :  |b illustrations ;  |c 26 cm. 
336 |a text  |b txt  |2 rdacontent 
337 |a unmediated  |b n  |2 rdamedia 
338 |a volume  |b nc  |2 rdacarrier 
490 1 |a Space flight technology series 
504 |a Bibliography: pages 119-120 and index. 
650 0 |a Manned space flight  |x Systems engineering. 
700 1 |a Faget, Maxime A.  |q (Maxime Allan),  |d 1921-2004. 
830 0 |a Space flight technology series. 
999 |a MARS 
999 f f |s b8e8a002-83d1-3794-9a94-a755f6cff855  |i 9118aa22-7837-32ce-ba8e-e57c7d517e3a  |t 0 
952 f f |p ric  |a Texas A&M University  |b Rellis Campus  |c Joint Library Facility  |d Remote Storage  |t 0  |e TL873 .B6  |h Library of Congress classification  |i unmediated -- volume  |m A14815610168 
998 f f |a TL873 .B6  |t 0  |l Remote Storage